02870cam a22004094i 4500003000900000005001700009008004100026035002000067040003300087082001700120100004300137245011800180264001000298300002100308336002100329337002500350338002300375502005800398504002400456520178100480526001002261526001002271526000902281526000902290526000902299526000902308526000902317526000902326526000902335526000802344526000802352526000802360526000802368526000802376630004902384650002702433PE-LiUPU20250731165418.0151214s2001 pe grm 000 0 spa d a(Sirsi) a155499 aPE-LiUPUbspacPE-LiUPUerda04a227.1R54 T31 aRichard Pérez, Daniel Williameautor13aEl 'Sacrificio Vivo' del Cristiano : Un estudio exegético de Romanos 12:1, 2 /cDaniel William Richard Pérez. 0c2001. a88 hojas c30 cm atext2rdacontent aunmediated2rdamedia avolume2rdacarrier aTesisb(Mg.) -- cUniversidad Peruana Unión,d2001. aIncluye referencias3 aDesde la entrada del pecado a la tierra, los sacrificios cumplieron el papel de enseñar al hombre dos verdades fundamentales: que sin derramamiento de sangre no se hace remisión al pecado (Heb 9:22) y que la de la víctima era vicaria (Is 53:4-6). No obstante, la Biblia menciona que todo el sistema sacrificial tuvo su cumplimiento final con la muerte de Cristo en la cruz (Heb 10:1-12). De allí en adelante este es el único sacrificio que tiene valor para la salvación. En e segundo capítulo, hace un breve repaso sobre el sistema sacrificial del Antiguo Testamento y el sentido teológico del mismo. Esto sirve de marco contextual para entender desde la perspectiva en la cual está hablando el apóstol, especialmente cuando llama a presentar el cuerpo en "sacrificio vivo" (Ro 12:1). En el tercer capítulo se analiza el pasaje motivo de la investigación (Ro 12:1,2). Se define en qué consiste el "sacrificio vivo" y cómo lograrlo. Para ello, se hace un análisis de las palabras claves del pasaje, a fin de encontrar las aplicaciones del mensaje paulino para nuestros días. En el cuarto y último capítulo, se aborda el tema de la "consagración" que es la base fundamental para el "sacrificio vivo" del cristiano. Analiza las características fundamentales de la consagración y su consecuente resultado. Por último, dentro de este mismo capítulo, se resume todo el estudio del pasaje (Ro 12:1,2), procurando establecer las implicancias de la consagración en el contexto del "sacrificio vivo" del cristiano. En consecuencia, todo este proceso hermenéutico busca su aplicación para el presente, considerando que siempre el estudio bíblico debe contribuir a la edificación espiritual del cristiano y de la iglesia en general. aSEG44 aSEG26 aP151 aP150 aP149 aP146 aP145 aP126 aP125 aP92 aP75 aP74 aP27 aP1504aBibliapN.T.pRomanos 12: 1, 2xComentarios.04aVida cristianavTesis.